Participación Ciudadana y su importancia para la transparencia en la gestión del gobierno municipal y el desarrollo local

Guardat en:
Dades bibliogràfiques
Autor principal: Wallace Salinas, María Guadalupe
Format: Text
Publicat: Managua: Centro de Derechos Constitucionales
Matèries:
Etiquetes: Afegir etiqueta
Sense etiquetes, Sigues el primer a etiquetar aquest registre!

MARC

LEADER 00000 a a2200000 04500
001 34449
003
040
020 |a 99924-58-00-3  
090 |a 1001 W231p  
100 |a Wallace Salinas, María Guadalupe  
245 |a Participación Ciudadana y su importancia para la transparencia en la gestión del gobierno municipal y el desarrollo local  
260 |a Managua:   |b Centro de Derechos Constitucionales  
300 |a 74 p.  
650 |a DESARROLLO SOCIAL  
650 |a PLANO LOCAL  
650 |a PARTICIPACION SOCIAL  
650 |a GOBIERNO LOCAL  
650 |a CIUDADANIA  
999 |c 11216  |d 11216